00531nam a2200193 a 4500001001300000003000900013005001700022008004100039020001000080082001500090100002500105245004000130260004400170300000900214500003500223505002400258650003000282700002500312nice12345678IN_TiNIC20260116012511.0050524s1936 luca grp 000 0 eng  ac10000a287.2bHAR aHarper, Marvin Henry aMethodist Episcopal Church in India aLucknowbLucknow Publishing Housec1936 a221p aincludes index and biblioraphy2 aBibliography, Index aMethodist Church of India1 aHarper, Marvin Henry